Prezentácia podnikov cestovného ruchu na internete
Nedostatočné využívanie informačných technológií v malých a stredných podnikoch cestovného ruchu. Prezentácia podniku cestovného ruchu na internete. Tvorba internetovej prezentácie. Účinnosť prezentácie malého a stredného podniku cestovného ruchu.
Salvato in:
| Autore principale: | |
|---|---|
| Natura: | Capitolo di libro |
| Lingua: | slovacco |
| Soggetti: | |
| Tags: |
Nessun Tag, puoi essere il primo ad aggiungerne!!
|
MARC
| LEADER | 00000naa$a2200000$$$4500 | ||
|---|---|---|---|
| 001 | 0001606 | ||
| 005 | 20230724111616.6 | ||
| 041 | 0 | |a slo | |
| 044 | |a SK | ||
| 245 | 1 | 0 | |a Prezentácia podnikov cestovného ruchu na internete |c aut. Vanda Maráková |
| 520 | |a Nedostatočné využívanie informačných technológií v malých a stredných podnikoch cestovného ruchu. Prezentácia podniku cestovného ruchu na internete. Tvorba internetovej prezentácie. Účinnosť prezentácie malého a stredného podniku cestovného ruchu. | ||
| 610 | 2 | 0 | |a podnik ruchu cestovného |
| 610 | 2 | 0 | |a propagácia |
| 610 | 2 | 0 | |a internet |
| 100 | 1 | |a Maráková, Vanda | |